Responses for Show #1358 - Wednesday, June 27, 1990

Dan Katz game 2.

Contestants

Dee Brady, a teacher from San Antonio, Texas

Paul Levy, a graphic designer originally from Brooklyn, New York

Dan Katz, an attorney originally from Baltimore, Maryland (whose 1-day cash winnings total $8,200)

[next game >>]

Jeopardy! Round responses

GEOGRAPHY
RELIGION
BASEBALL
SEA LIFE
THE MOVIES
IN OTHER WORDS...
    $100 16
Gaza Strip

Paul
    $100 18
sun

Paul
    $100 1
(1 of) Minnesota Twins (or Texas Rangers & California Angels)

Paul
    $100 26
on their back

Paul
    $100 6
Sean Connery

Paul
    $100 11
wolf in sheep's clothing

Dan
    $200 17
Krakatoa

Dan
    $200 20
Lutheranism

Triple Stumper
    $200 2
Ruth & Gehrig

Dan
    $200 27
clam

Dan
    $200 7
Harry

Dan
    $200 12
bury the hatchet

Dan
    $300 19
Belgium

Dan
    $300 21
Talmud

Dan
    $300 3
(Chicago) Cubs

Dan
    $300 28
starfish

Dee
    $300 8
Matt Helm

Dan
    $300 13
What do you think of those apples? (How 'bout them apples?)

Dan
    $400 24
Elbe

Triple Stumper
    $800 22
Shinto & Buddhism

Dan
    $400 4
(George) Brett

Dan
    $400 29
ears

Paul
    $400 9
Meryl Streep & Jack Nicholson

Paul
    $400 14
crocodile tears

Dan
    $500 25
Grand Canal

Dee
    $500 23
Pope Pius XII

Paul
    $500 5
pitcher

Dan
    $500 30
cormorants

Dee
    $500 10
Sean Penn

Triple Stumper
    $500 15
(Alex: That's close enough.)

Men rarely make passes at women who wear glasses

Paul

Scores at the first commercial break (after clue 15):

Dan Paul Dee
$2,900 $1,100 $0

Scores at the end of the Jeopardy! Round:

Dan Paul Dee
$4,700 $2,300 $1,300

Double Jeopardy! Round responses

SPANISH HISTORY
SHAKESPEARE
PHILADELPHIA
ART
FOOD FACTS
SECRETARIES OF STATE
    $200 26
(Dee: Who are the Moors?)

Romans

PaulDee
    $200 15
Vienna

Dee
    $200 13
(William) Penn

Paul
    $200 1
Mona Lisa

Dan
    $200 2
butter

Paul
    $200 8
Henry Kissinger

Paul
    $400 27
Inquisition

Paul
    $400 16
King Claudius

Triple Stumper
    $400 14
Independence Hall

Dan
    $400 7
Monet

Dan
    $400 3
artichoke

Paul
    $400 9
George Shultz

Paul
    $600 28
(Paul: What is the Falkland Islands?)
(Alex: No.)
(Paul: Malvi.)
...
(Alex: Not the Maldives. What is [*]?)

Gibraltar

Paul
Triple Stumper
    $600 17
(Dan: Who is Cordelia?)
(Paul: Who is Regan?)

Goneril

DanPaulDee
    $600 20
Temple

Paul
    $600 23
Gargantua

Triple Stumper
    $600 4
all fruits

Dan
    $1,500 10
(Paul: ...Who is Alexander Hamilton?)

John Marshall

Paul
    $800 29
McKinley

Paul
    $1,000 18
(1 of) Cymbeline (or Coriolanus)

Dee
    $800 21
(Wilson) Goode

Paul
    $800 24
(Paul: What is Vermeer?)

Van Eyck

Paul
Triple Stumper
    $800 5
soufflé

Dee
    $800 11
(Edmund) Muskie

Dan
    $1000 30
monastery

Dee
    $1000 19
Anne

Paul
    $1000 22
(1 of) Inquirer (or Daily News)

Paul
    $1000 25
Piet Mondrian

Triple Stumper
    $1000 6
stuffing

Triple Stumper
    $1000 12
(Cordell) Hull

Paul

Scores at the end of the Double Jeopardy! Round:

Dan Paul Dee
$6,500 $6,000 $4,700

[wagering suggestions for these scores]

Final Jeopardy! Round responses

FICTIONAL CHARACTERS
DeeWhat is the Leatherstocking Stories?
$4,500
PaulWhat is Canterbury Tales?
$6,000
DanWhat is Canterbury Tales?
$5,501
The Canterbury Tales

Final scores:

Dan Paul Dee
$12,001 $12,000 $200
2-day champion: $20,201 2nd place: Keller dining furniture & Wurlitzer Rosemont clock 3rd place: Technics compact disc changer & NES with Family + Junior versions of Jeopardy! + Wheel of Fortune

Game dynamics:

Coryat scores:

Dan Paul Dee
$6,100 $7,500 $4,500
20 R
(including 1 DD),
1 W
22 R,
4 W
(including 1 DD)
8 R
(including 1 DD),
1 W

Combined Coryat: $18,100

[game clues] [game scores] [suggest correction]

Game tape date: 1990-02-12
The J! Archive is created by fans, for fans. Scraping, republication, monetization, and malicious use prohibited; this site may use cookies and collect identifying information. See terms. The Jeopardy! game show and all elements thereof, including but not limited to copyright and trademark thereto, are the property of Jeopardy Productions, Inc. and are protected under law. This website is not affiliated with, sponsored by, or operated by Jeopardy Productions, Inc. Join the discussion at JBoard.tv.